00378pab a2200121 454500008004000000100002500040245011100065260000900176300001400185362000800199650001400207773003500221180718b2009 xxu||||| |||| 00| 0 eng d aLibanio, Gilberto A. aAggregate demand and the endogeneity of the natural rate of growth: evidence from Latin American economies c2009 ap.967-84. aSep aEconomics aCambridge Journal of Economics